Answers contain "finger" - Statistics

General Stats
  • This quiz has been taken 38 times
  • The average score is 9 of 18
Answer Stats
Hint Answer % Correct
Hand positions used to play musical instruments Fingering
100%
Where engagement jewelry is placed Ring Finger
91%
Appetizers eaten without cutlery Finger food
79%
Kentucky Friend Chicken slogan Finger Lickin' Good
79%
Kindergarten coloring technique without brushes Finger painting
79%
Unique shape of dirt left at a crime scene Fingerprint
74%
James Bond Film with Sean Connery Goldfinger
74%
Used to fire a gun Trigger finger
65%
Series of 11 long, narrow bodies of freshwater in New York Finger Lakes
59%
Flexible tube toy, allegedly from China Finger Trap
35%
Claw-like plate made of Keratin Fingernail
32%
Bart Simpson endorsed candy bar ButterFinger
29%
Punctuation marks made with the hands, often in a mocking manner Finger quotes
29%
Term for long dry biscuits or small firecrackers Lady fingers
24%
Instrument, like a Kalimba Finger Piano
15%
Game of Thrones character who was once Master of Coin Littlefinger
15%
American heavy metal band from Las Vegas Five Finger Death Punch
12%
Government agents in V for Vendetta Fingermen
9%
No matching quizzes found
Score Distribution
Percent of People with Each Score
Percentile by Number Answered
Your Score History
You have not taken this quiz